| 000 | 00630nam a2200193Ia 4500 | ||
|---|---|---|---|
| 008 | 090124s9999 xx 000 0 und d | ||
| 082 |
_b25141 _a585 |
||
| 100 | _aअमृते उमा | ||
| 245 | _a जाती संस्थेचे उच्चाटन | ||
| 250 | _a1 | ||
| 260 | _c1986 | ||
| 300 | _a140 | ||
| 600 | _aअमृते उमा | ||
| 630 | _a जाती संस्थेचे उच्चाटन | ||
| 700 | _aमुजावर बशीर सा. | ||
| 700 | _aअमृते उमा | ||
| 730 | _a जाती संस्थेचे उच्चाटन | ||
| 942 | _cBOOK | ||
| 999 |
_c138669 _d138669 |
||